[Event "BCF-chT2d 1112 (4NCL)"]
[Site "England"]
[Date "2012.05.07"]
[Round "9.42"]
[White "Ivell, Nicholas W"]
[Black "Pickard, Charles W"]
[Result "1-0"]
[WhiteElo "2335"]
[BlackElo "2125"]
[PlyCount "67"]
[EventDate "2011.11.12"]
[EventType "team-swiss"]
[EventRounds "11"]
[EventCountry "ENG"]
[SourceTitle "EXT 2013"]
[Source "ChessBase"]
[SourceDate "2012.11.22"]
[SourceVersion "1"]
[SourceVersionDate "2012.11.22"]
[SourceQuality "1"]
[WhiteTeam "Spirit of Atticus"]
[BlackTeam "Cambridge II"]
[WhiteTeamCountry "ENG"]
[BlackTeamCountry "ENG"]

1. e4 c5 2. Nc3 d6 3. g3 Nc6 4. Bg2 g6 5. d3 Bg7 6. f4 e6 7. Nf3 Nge7 8. 0-0 Nd4 9. e5 Nxf3+ 10. Qxf3 d5 11. Nb5 Nf5 12. g4 a6 13. gxf5 axb5 14. f6 Bf8 15. c4 bxc4 16. dxc4 b6 17. Rd1 Bb7 18. Qb3 Ra5 19. Bd2 Ra6 20. cxd5 exd5 21. Bc3 c4 22. Qc2 Bc5+ 23. Kh1 Qd7 24. e6 Qc8 25. e7 Qd7 26. Be5 b5 27. Qc3 Rg8 28. b4 Bb6 29. Qf3 g5 30. Rxd5 Bxd5 31. Qxd5 gxf4 32. Qb7 Qxb7 33. Bxb7 Bc7 34. Bxa6 1-0

[Event "BCF-chT1b 1011 (4NCL)"]
[Site "England"]
[Date "2011.03.26"]
[Round "7.18"]
[White "Franklin, Samuel Gideon"]
[Black "Pickard, Charles W"]
[Result "1/2-1/2"]
[WhiteElo "2185"]
[BlackElo "2134"]
[PlyCount "102"]
[EventDate "2010.11.06"]
[EventType "team-tourn"]
[EventRounds "7"]
[EventCountry "ENG"]
[SourceTitle "EXT 2012"]
[Source "ChessBase"]
[SourceDate "2011.11.24"]
[SourceVersion "1"]
[SourceVersionDate "2011.11.24"]
[SourceQuality "1"]
[WhiteTeam "Barbican II"]
[BlackTeam "Cambridge"]
[WhiteTeamCountry "ENG"]
[BlackTeamCountry "ENG"]

1. e4 c5 2. Nf3 Nc6 3. d4 cxd4 4. Nxd4 e6 5. Nc3 a6 6. Nxc6 bxc6 7. Bd3 e5 8. 0-0 Nf6 9. f4 d6 10. Kh1 Be7 11. Qf3 Nd7 12. Bd2 0-0 13. Ne2 Bf6 14. Bc3 exf4 15. Qxf4 Bxc3 16. Nxc3 Ne5 17. Ne2 Qb6 18. b3 a5 19. Ng3 a4 20. Rad1 axb3 21. axb3 Qb4 22. Qg5 Bg4 23. Rc1 f6 24. Qe3 Rfe8 25. h3 Be6 26. Be2 Bf7 27. Rfd1 d5 28. exd5 Bxd5 29. Qd4 Qb7 30. Bf1 Rad8 31. Qf2 Qb4 32. Nf5 Qc3 33. Qg3 Qxg3 34. Nxg3 Rb8 35. Nf5 g6 36. Nd4 f5 37. Kg1 Be4 38. Ne2 Red8 39. Rxd8+ Rxd8 40. Nc3 Rd2 41. Nxe4 fxe4 42. Re1 Rxc2 43. Rxe4 Rc5 44. Ra4 h5 45. Ra7 Kf8 46. Kf2 Rc3 47. Rb7 Nd3+ 48. Bxd3 Rxd3 49. b4 Rc3 50. Rc7 Rc4 51. Rb7 Rc3 1/2-1/2

[Event "BCF-chT2 1011 (4NCL)"]
[Site "England"]
[Date "2011.02.19"]
[Round "5.32"]
[White "Pickard, Charles W"]
[Black "Martyn, Rafe"]
[Result "1/2-1/2"]
[WhiteElo "2134"]
[BlackElo "2292"]
[PlyCount "136"]
[EventDate "2010.11.06"]
[EventType "team-swiss"]
[EventRounds "11"]
[EventCountry "ENG"]
[SourceTitle "EXT 2012"]
[Source "ChessBase"]
[SourceDate "2011.11.24"]
[SourceVersion "1"]
[SourceVersionDate "2011.11.24"]
[SourceQuality "1"]
[WhiteTeam "Cambridge II"]
[BlackTeam "Barbican Youth"]
[WhiteTeamCountry "ENG"]
[BlackTeamCountry "ENG"]

1. Nf3 Nf6 2. c4 e6 3. g3 d5 4. b3 a5 5. Bg2 a4 6. Nc3 axb3 7. Qxb3 d4 8. Nb5 Nc6 9. 0-0 e5 10. e3 dxe3 11. Qxe3 Ng4 12. Qe2 Be7 13. h3 Nf6 14. Nxe5 Nb4 15. Rb1 0-0 16. a3 Nc2 17. Rb3 c6 18. Bxc6 Bxh3 19. Bxb7 Bxf1 20. Kxf1 Re8 21. Bxa8 Qxa8 22. Qf3 Qa4 23. Bb2 Bc5 24. Nc7 Rf8 25. Nb5 Re8 26. d4 Rxe5 27. dxe5 Ne4 28. Rd3 Qxc4 29. Qe2 Bb6 30. Nd6 Nxd6 31. Rxd6 Qb3 32. Rxb6 Qxb6 33. Qxc2 Qb7 34. Kg1 h5 35. Qe2 h4 36. gxh4 Qd5 37. a4 Qa2 38. Qc2 Qe6 39. f3 Qh3 40. Qg2 Qxh4 41. Bc3 Qc4 42. Qd2 Qxa4 43. Qd4 Qc2 44. Kf1 Qh2 45. Qg4 Qc2 46. Qc4 Qc1+ 47. Kf2 Qc2+ 48. Kg3 Qg6+ 49. Qg4 Qc2 50. Bd4 Qc7 51. Qg5 Qd7 52. Qg4 Qc7 53. Qf5 Qc4 54. e6 Qxd4 55. Qxf7+ Kh8 56. e7 Qg1+ 57. Kf4 Qd4+ 58. Kf5 Qc5+ 59. Ke4 Qc2+ 60. Ke3 Qc3+ 61. Ke2 Qc2+ 62. Ke1 Qc1+ 63. Kf2 Qd2+ 64. Kg3 Qe1+ 65. Kg4 Qg1+ 66. Kf5 Qc5+ 67. Ke4 Qc2+ 68. Kd4 Qd2+ 1/2-1/2

[Event "BCF-chT2 1011 (4NCL)"]
[Site "England"]
[Date "2010.11.06"]
[Round "1.42"]
[White "Stebbings, Anthony"]
[Black "Pickard, Charles W"]
[Result "1-0"]
[WhiteElo "2285"]
[BlackElo "2134"]
[PlyCount "73"]
[EventDate "2010.11.06"]
[EventType "team-swiss"]
[EventRounds "11"]
[EventCountry "ENG"]
[SourceTitle "EXT 2012"]
[Source "ChessBase"]
[SourceDate "2011.11.24"]
[SourceVersion "1"]
[SourceVersionDate "2011.11.24"]
[SourceQuality "1"]
[WhiteTeam "Jutes of Kent"]
[BlackTeam "Cambridge II"]
[WhiteTeamCountry "ENG"]
[BlackTeamCountry "ENG"]

1. e4 c5 2. Nf3 Nc6 3. d4 cxd4 4. Nxd4 e6 5. Nc3 Qc7 6. Be3 Nf6 7. Bd3 d6 8. Nb3 Bd7 9. f4 Nb4 10. 0-0 Bc6 11. a3 Nxd3 12. cxd3 Be7 13. Rc1 Qd7 14. Nd4 Rc8 15. g4 h5 16. g5 Ng4 17. Bd2 Bd8 18. Nxc6 Qxc6 19. Kg2 Qa6 20. Qa4+ Qxa4 21. Nxa4 Rxc1 22. Rxc1 b5 23. Nc3 Bb6 24. Nd1 Kd7 25. h3 f5 26. hxg4 hxg4 27. exf5 Rh3 28. fxe6+ Kxe6 29. Nf2 Bxf2 30. Kxf2 Rxd3 31. Bc3 Kf5 32. Bxg7 Kxf4 33. Bf6 Rf3+ 34. Kg2 Rg3+ 35. Kf2 Rf3+ 36. Ke2 Re3+ 37. Kd2 1-0